Library Banner

Fires, explosions, and toxic gas dispersions (Record no. 64286)

MARC details
000 -LEADER
fixed length control field 00596nam a2200193Ia 4500
001 - CONTROL NUMBER
control field 63632
008 - FIXED-LENGTH DATA ELEMENTS--GENERAL INFORMATION
fixed length control field 150109s9999 xx 000 0 und d
020 ## - INTERNATIONAL STANDARD BOOK NUMBER
International Standard Book Number 9781439826751
040 ## - CATALOGING SOURCE
Transcribing agency PK-LaUMT
082 ## - DEWEY DECIMAL CLASSIFICATION NUMBER
Classification number 604.7
Item number ASS-F
100 ## - MAIN ENTRY--PERSONAL NAME
Personal name Assael, Marc J.
245 ## - TITLE STATEMENT
Title Fires, explosions, and toxic gas dispersions
Remainder of title effects calculation and risk analysis
Statement of responsibility, etc Assael, Marc J.|Kakosimos, Konstantinos E.
260 ## - PUBLICATION, DISTRIBUTION, ETC. (IMPRINT)
Place of publication, distribution, etc Boca Raton,USA:
Name of publisher, distributor, etc CRC Press,
Date of publication, distribution, etc 2010
300 ## - PHYSICAL DESCRIPTION
Extent 333 p.
546 ## - LANGUAGE NOTE
Language note EN
650 ## - SUBJECT ADDED ENTRY--TOPICAL TERM
Topical term or geographic name as entry element Hazardous substances - Risk assessment
700 ## - ADDED ENTRY--PERSONAL NAME
Personal name Kakosimos, Konstantinos E.
942 ## - ADDED ENTRY ELEMENTS (KOHA)
Koha item type Books
Holdings
Withdrawn status Lost status Damaged status Not for loan Home library Current library Date acquired Total Checkouts Full call number Barcode Date last seen Price effective from Koha item type
        UMT Main Campus UMT Main Campus 2015-01-09   604.7 ASS-F 87738 2015-01-09 2015-01-09 Books